| LEADER 00000nam 2200000 a 4500 |
| 001 13399119119 |
| 003 ULIBM |
| 008 171011s1976||||th 000 0 tha d |
| 020 ^a0070355576
|
| 082 00 ^a428.24025658^bK94E
|
| 100 1 ^aKruse, Benediet
|
| 245 10 ^aEnglish for business :^bmarketing /^cBenediet Kruse,Bettijune Kruse
|
| 250 ^a1st ed.
|
| 260 ^aNew York :^bMcGraw-Hill,^c1976
|
| 300 ^aiii, 120 p. ;^c22 cm
|
| 650 0 ^aEnglish language^xBusiness English^xProblems, exercises,etc
|
| 650 0 ^aEnglish language^xText books for foreigners
|
| 650 0 ^aEnglish language^xTextbooks foreign speakers
|
| 650 0 ^aBusiness^xProblems, exercises, etc
|
| 700 1 ^aKruse, Bettijune
|
| 999 ^aปาริฉัตร์
|
หนังสือดีน่าอ่าน

“ดั่งดวงแก้ว ส่องสว่าง ทางสายงาม”
จัดทำขึ้นเพื่อเฉลิมพระเกียรติ สมเด็จพระเทพรัตนราชสุดา ฯ สยามบรมราชกุมารี
เนื่องในโอกาสมหามงคลเฉลิมพระชนมพรรษา ๕ รอบ ๒ เมษายน ๒๕๕๘
โดยหนังสือเล่มนี้ได้รวบรวม ๖๐ พระอัจฉริยภาพของสมเด็จพระเทพ ฯ
ผู้อ่านจะได้รับแรงบันดาลใจให้พากเพียรเรียนรู้และขยันอดทนทำการงาน
ตามรอยเบื้องพระยุคลบาท เพราะพระองค์ทรงเป็นแบบอย่างอันดีเยี่ยมในทุกด้าน
ทั้งในความใฝ่รู้ใฝ่เรียน คุณธรรมจริยธรรม พระวิริยอุตสาหะในการทรงงาน
และอื่นๆอีกมากมาย ล้วนสามารถสร้างแรงบันดาลใจให้แก่เด็กและเยาวชน
อีกทั้งประชาชนทั่วไป ให้พากเพียรเรียนรู้และขยันอดทนทำการงานตามรอยพระยุคลบาท
เพื่อฝึกฝนตนเองให้เป็นคนดีคนเก่งของครอบครัวและสังคมต่อไป